| 000 | 00499nam a22001697a 4500 | ||
|---|---|---|---|
| 999 |
_c45586 _d45585 |
||
| 008 | 200220b ||||| |||| 00| 0 eng d | ||
| 020 | _a978-85-356-0486-3 | ||
| 050 | _a370.1 | ||
| 082 |
_2e.g.1ªed _a370.1 |
||
| 100 | _aDALBOSCO, Claudio Almir | ||
| 245 | _aPedagogia filisofica: cercanias de um dialogo | ||
| 250 | _ae.g.1ªed | ||
| 260 |
_aSao Paulo _bPaulinas _c2007 |
||
| 300 | _ae.g. 230 p | ||
| 440 |
_aPedagogia filisofica: cercanias de um dialogo _x978-85-356-0486-3 |
||
| 942 |
_2udc _cBK |
||